000 00460nam a2200181Ia 4500
003 OSt
005 20240702170536.0
008 210210b1962 xxu||||| |||| 00| 0 eng d
040 _cAL
041 _aKannada
082 _a859/642
100 _aTA RA SU
_dತ. ರಾ.ಸು.
_9135014
245 _aBangari
_bಬಂಗಾರಿ
260 _aMaisuru
_bKarunakaran Prakashan
_c1962
690 _aKannada Fiction
_9135016
906 _a021496
942 _2ddc
_cBK
999 _c145583
_d145583